Statistics for African Countries by White Population

Click here to take the quiz!

General Stats

  • This quiz has been taken 162 times
  • The average score is 10 of 13

Answer Stats

# PeopleCountry%% Correct
5,300,000South Africa9.20
100%
168,000Namibia6.40
90%
300,000Angola1.00
85%
103,500Kenya0.20
84%
109,400Morocco0.30
83%
45,000Mozambique1.15
83%
70,800Botswana3.00
81%
176,000Zambia1.00
77%
117,400Tunisia1.00
74%
133,000Madagascar0.50
65%
25,000Mauritius2.00
55%
42,000Eswatini3.00
50%
24,000Equatorial Guinea1.80
30%

Score Distribution

Percentile by Number Answered

Percent of People with Each Score

Your Score History

You have not taken this quiz